Statistics for Job Titles Quiz #2

Click here to take the quiz!

General Stats

  • This quiz has been taken 35,076 times
    (27,669 since last reset)
  • The average score is 13 of 20

Answer Stats

PeopleOccupation% Correct
Tom Hanks, Annette Bening, Meryl StreepActor
98%
Neil Armstrong, Sally Ride, Yuri GagarinAstronaut
94%
Tyra Banks, Claudia Schiffer, Heidi KlumModel
91%
Adolf Hitler, Joseph Stalin, Kim Jong IlDictator
88%
Thomas Edison, Eli Whitney,
Guglielmo Marconi
Inventor
88%
Sigmund Freud, B. F. Skinner, Carl JungPsychologist
79%
Emily Dickinson, John Keats, SapphoPoet
78%
William Shakespeare, Arthur Miller,
Tennessee Williams
Playwright
75%
Galileo, Edwin Hubble, Tycho BraheAstronomer
72%
David Guetta, Fatboy Slim, KaskadeDJ
65%
Mario Batali, Wolfgang Puck, Julia ChildChef
60%
Jerry Bruckheimer, Robert Zemeckis,
Aaron Spelling
Producer
60%
Frank Lloyd Wright, Rem Koolhaas,
Frank Gehry
Architect
59%
Michael Bloomberg, Rahm Emanuel,
Ken Livingstone
Mayor
51%
Sanjay Gupta, Benjamin Spock,
Howard Dean
Doctor
50%
Lance Ito, Judith Sheindlin, Antonin ScaliaJudge
48%
Phil Jackson, Béla Károlyi, Bill BelichickCoach
45%
Perez Hilton, Matt Drudge, Andrew SullivanBlogger
32%
Steve Wozniak, Linus Torvalds,
Ada Lovelace
Computer
Programmer
32%
Herodotus, Stephen E. Ambrose,
Alexis de Tocqueville
Historian
26%

Score Distribution

Percentile by Number Answered

Percent of People with Each Score

Your Score History

You have not taken this quiz since the last reset